Biogeografía y ecología

Tallennettuna:
Bibliografiset tiedot
Päätekijä: Blondel, Jacques (Tekijä)
Aineistotyyppi: Kirja
Kieli:espanja
Julkaistu: León Academia, S. L 1985
Aiheet:
Tagit: Lisää tagi
Ei tageja, Lisää ensimmäinen tagi!

MARC

LEADER 00000nam a2200000 a 4500
001 UCU9151
003 CL-VaPUC
008 960809e19850000SP |||||||||||||||||spa|d
082 0 4 |a 578.09  |b BLO  |2 21 
100 0 |a Blondel, Jacques  |e author  |9 368233 
245 1 0 |a Biogeografía y ecología 
300 |a 190 p 
942 |c BK 
945 |d 19960809 00:00:00  |a nastorga 
260 |a León  |b Academia, S. L  |c 1985 
500 |a ALGUNOS EJEMPLARES EN INST.DE GEOGRAFIA POR PROY.MINEDUC 
650 0 |a Ecología   |9 258124 
650 0 |a Ecosistemas  |9 261477 
650 7 |a EQUILIBRIO ECOLOGICO  |2 CL-VaPUC  |9 352587 
650 7 |a HABITAT  |2 CL-VaPUC  |9 267395 
650 0 |a Medio ambiente natural  |9 338575 
650 0 |a Conservación del medio ambiente  |9 340695 
583 |a last modification  |c 19960809 00:00:00  |k Rodrigo Vera 
999 |c 251027  |d 251025 
952 |0 0  |1 0  |4 0  |6 578_090000000000000_BLO_1985  |7 0  |8 A  |9 269947  |a BIBING  |b BIBING  |d 2019-11-19  |i 321916K  |o 578.09 BLO 1985  |p 321916K  |r 2025-01-20  |w 2019-11-19  |y BK  |k GEO 
952 |0 0  |1 0  |4 0  |6 578_090000000000000_BLO_1985  |7 0  |8 A  |9 269948  |a BIBING  |b BIBING  |d 2019-11-19  |i 3782743  |l 1  |o 578.09 BLO 1985  |p 3782743  |r 2025-01-20  |s 2022-03-09  |w 2019-11-19  |y BK  |k GEO